000 00413nam a2200169Ia 4500
008 210210b1953 xxu||||| |||| 00| 0 eng d
041 _aeng
082 _a823/220
100 _aSHAKESPEARE (William)
245 _aMerchant of Venice
260 _aBombay
_bK and J Cooper Educational Publisher
_c1953
650 _aVenice
650 _aof
650 _aMerchant
690 _aEnglish Drama
906 _a013768
999 _c132812
_d132812